Loading...

Ludwig Wittgenstein: the duty of genius

Bibliographic Details
Main Author: Monk, Ray
Format: Printed Book
Language:English
Published: London, Vintage 1991
Subjects:
LEADER 004980000a22001810004500
015 |a M 
020 |a 0-09-988370-8 
041 |a eng 
082 |a 100 N1 
100 |a Monk, Ray 
245 |a Ludwig Wittgenstein: the duty of genius 
260 |a London, Vintage 
260 |c 1991 
650 |a Ludwig wittgenstein 
650 |a Philosophy 
942 |c BK 
999 |c 137682  |d 137678 
952 |0 0  |1 0  |4 0  |6 100_000000000000000_N1  |7 0  |9 136464  |a SIRP  |b SIRP  |d 2017-10-05  |l 0  |o 100 N1  |p SIRP02637  |r 2017-10-05  |w 2017-10-05  |y BK